| 000 | 01469nam a2200337 i 4500 | ||
|---|---|---|---|
| 001 | 196534 | ||
| 003 | ES-MaACL | ||
| 005 | 20250413175014.0 | ||
| 007 | ta | ||
| 008 | 241004b1978 sp ||||| |||| 00| 0 spa d | ||
| 040 |
_bspa _cES-MaACL _dES-MaACL |
||
| 245 | 0 | 0 | _aRamón Xirau y la importancia de la poesía |
| 246 | 1 | 0 | _aIwaszkiewcz, Peiper, Przybos, Jerzy Lec, Herbert y otros grandes de la poesía polaca reunidos aquí por Krystyna Rodowska para deleite de todos los que aman y quieren a la poesía |
| 260 |
_aCiudad de México : _bInstituto Nacional de Bellas Artes, Dirección de Literatura, _c1978 |
||
| 300 |
_a16 p. ; _bil. n.; _c31 cm |
||
| 336 |
_2rdacontent _atexto |
||
| 337 |
_2rdamedia _asin mediación |
||
| 338 |
_2rdacarrier _avolumen |
||
| 490 | 1 |
_aLa Semana de Bellas Artes _v48 |
|
| 505 | _aAntología de la poesía polaca contemporánea / traducción, introducción y notas de Krystyna Rodowska | ||
| 600 | 0 | 4 |
_9117518 _aXirau, Ramón, _d1924-2017 |
| 655 | 7 |
_2tgfbne _9176539 _aPoesías |
|
| 700 | 1 |
_9234314 _aRodowska, Krystyna, _d1937- _etrl |
|
| 830 |
_aLa Semana de Bellas Artes; _v48 _9239031 |
||
| 852 |
_aES-MaACL _cDEPOF _j FOLL-BUE-31 _hLegado: Antonio Buero Vallejo _9204247 |
||
| 903 |
_932421 _aBuero Vallejo, Antonio, _q1 _d1916-2000 _ednr |
||
| 942 |
_n0 _cFOLLETOS |
||
| 999 |
_c196534 _d196534 |
||